000 00963cam a2200313 a 4500
001 13171085
003 OSt
005 20140310181713.0
008 021122s2002 ph 000 0 eng
010 _a 2002359119
020 _a9715504175
035 _a(DLC) 2002359119
037 _bLibrary of Congress -- Jakarta Overseas Office
_cP200.00
040 _aDLC
_cDLC
042 _alcode
043 _aa-ph---
050 0 0 _aPS 9993
_b.N163 2002
100 1 _aNakpil, Carmen Guerrero.
245 1 0 _aWhatever :
_ba new collection of later essays, 1987-2001 /
_cCarmen Guerrero Nakpil.
246 3 0 _aNew collection of later essays, 1987-2001
260 _aQuezon City :
_bAteneo de Manila University Press,
_cc2002.
300 _a212 p. :
_c23 cm.
562 _e1
651 0 _aPhilippines.
906 _a7
_bcbc
_corigode
_d3
_encip
_f20
_gy-gencatlg
942 _2lcc
_cBK
999 _c1665
_d1665